000 00811nam a2200277Ia 4500
003 OSt
005 20220928111323.0
006 a|||||r|||| 00| 0
007 ta
008 220927b |||||||| |||| 00| 0 eng d
020 _c475
024 _a100487
037 _b42, 27/10/2009, Better Book Service
_cTextual
040 _aSDCL
_cSDCL
_beng
041 _2eng
_aeng
082 _aX:8, P5
100 _aHitt Michael A
_9423180
245 0 _aManagement.
260 _aNew Delhi
_bPearson Education
_c2005
300 _a730p
_ccm.
650 _aCommerce
_9353036
700 _a Black J Stewart
_9423181
700 _a Porter Lyman W
_9423182
942 _hX:8, P5
_cTEXL
_2CC
999 _c739685
_d739685